1422 1943 1557 1717 1628 1046 1255 1788 1052 1989 1602 1910 1751 1505 1174 1264 1932 1737 1804 1213 1077 1680 1172 1598 1360 1799 1995 1746 1191 1382 1419 1961 1853 1840 1151 1088 1313 1562 1235 1711 1746 1558 1217 1485 1554 1773 1512 1324 1432 1021 1217 1814 1877 1016 1536 1709 1236 1021 1570 1862 1373 1096 1368 1250 1585 1385 1381 1332 1574 1370 1075 1392 1345 1764 1921 1037 1260 1179 1556 1429 1702 1943 1012 1341 1623 1697 1790 1009 1502 1049 1399 1717 1221 1287 1327 1919 1530 1111 1135 BCNSPRNW ULIB Ver.6.0+V

เปลี่ยนเป็นภาษาไทย

Change to English
 แสดงรายละเอียดบรรณานุกรม
  กลับหน้าหลัก

Brief Record : Get Marc (ISO 2709) : E-mail record : QR code < ปิดหน้าต่าง
LEADER : 00000nam 2200000uu 4500
001    13399128706
003     ULIB
008    240804s2566||||th 000 0 tha d
020    ^a9786167741130
060 04 ^aWY100^bอ317ก ล.2
100 0  ^aอรชร ศรีไทรล้วน, บรรณาธิการ
245 00 ^aการพยาบาลพื้นฐานเล่ม 2 =^bFundamentals of Nursing II /^cอรชร ศรีไทรล้วน, บรรณาธิการ
250    ^aพิมพ์ครั้งที่ 2 ( ราคา 230 บาท )
260    ^aกรุงเทพฯ :^bภาควิชาการบริหารการพยาบาลและพื้นฐานวิชาชีพ,^c2566
300    ^a193 หน้า :^bภาพประกอบ ; ตาราง ;^c26 ซม.
505 0  ^aบทที่ 1 บทบาทพยาบาลกับการบริหารยารับประทาน
505 0  ^aบทที่ 2 บทบาทพยาบาลในการใช้ความร้อนและความเย็นเพื่อการบำบัด
505 0  ^aบทที่ 3 การพยาบาลเพื่อตอบสนองความต้องการการพักผ่อนนอนหลับ
505 0  ^aบทที่ 4 บทบาทพยาบาลกับการบริหารยาฉีดและการให้สารละลายทางหลอดเลือดดำ
505 0  ^aบทที่ 5 บทบาทพยาบาลในการดูแลบุคคลที่มีปัญหาเกี่ยวกับการขับถ่ายปัสสาวะ
505 0  ^aบทที่ 6 บทบาทพยาบาลในการดูแลบุคคลที่มีปัญหาเกี่ยวกับการขับถ่ายอุจจาระ
505 0  ^aบทที่ 7 บทบาทพยาบาลในการดูแลผู้ป่วยที่มีบาดแผล
505 0  ^aบทที่ 8 บทบาทพยาบาลกับการใช้ผ้าพัน
650  7 ^aการพยาบาลพื้นฐาน
650  7 ^aพยาบาล
700 0  ^aสุภวรรณ วงศ์ธีรทรัพย์,^eบรรณาธิการ
700 0  ^aอมรรัตน์ เสตสุวรรณ,^eบรรณาธิการ
945    ^p230^l0^i30127
945    ^p230^l0^i30128
945    ^p230^l0^i30129
945    ^p230^l0^i30130
945    ^p230^l0^i30131
945    ^p230^l0^i30132
945    ^p230^l0^i30133
999    ^aกัณชพร จุลอักษร
รายการนี้ยังไม่มีแท็ก
คุณยังไม่ได้ล็อกอิน คุณสามารถมีกิจกรรมร่วมกับเว็บไซต์ได้ แต่ต้องล็อกอินก่อน ::
  ล็อกอิน

รายการสื่อสารสนเทศ

ลำดับที่ ประเภท เลขเรียก/บาร์โค้ด สถานที่ สถานะ
1. หนังสือสำรอง
หนังสือสำรอง
WY100 อ317ก ล.2 ฉ.1 
  Barcode: 30127
ห้องสมุดวิทยาเขตนครสวรรค์
►หนังสือทั่วไป:l:General Books
บนชั้น
2. วิทยาศาสตร์การแพทย์ และสุขภาพ
วิทยาศาสตร์การแพทย์ และสุขภาพ
WY100 อ317ก ล.2 ฉ.2 
  Barcode: 30128
ห้องสมุดวิทยาเขตนครสวรรค์
►หนังสือทั่วไป:l:General Books
บนชั้น
3. วิทยาศาสตร์การแพทย์ และสุขภาพ
วิทยาศาสตร์การแพทย์ และสุขภาพ
WY100 อ317ก ล.2 ฉ.3 
  Barcode: 30129
ห้องสมุดวิทยาเขตนครสวรรค์
►หนังสือทั่วไป:l:General Books
บนชั้น
4. วิทยาศาสตร์การแพทย์ และสุขภาพ
วิทยาศาสตร์การแพทย์ และสุขภาพ
WY100 อ317ก ล.2 ฉ.4 
  Barcode: 30130
ห้องสมุดวิทยาเขตนครสวรรค์
►หนังสือทั่วไป:l:General Books
บนชั้น
5. วิทยาศาสตร์การแพทย์ และสุขภาพ
วิทยาศาสตร์การแพทย์ และสุขภาพ
WY100 อ317ก ล.2 ฉ.5 
  Barcode: 30131
ห้องสมุดวิทยาเขตนครสวรรค์
►หนังสือทั่วไป:l:General Books
บนชั้น
6. วิทยาศาสตร์การแพทย์ และสุขภาพ
วิทยาศาสตร์การแพทย์ และสุขภาพ
WY100 อ317ก ล.2 ฉ.6 
  Barcode: 30132
ห้องสมุดวิทยาเขตนครสวรรค์
►หนังสือทั่วไป:l:General Books
บนชั้น
7. วิทยาศาสตร์การแพทย์ และสุขภาพ
วิทยาศาสตร์การแพทย์ และสุขภาพ
WY100 อ317ก ล.2 ฉ.7 
  Barcode: 30133
ห้องสมุดวิทยาเขตนครสวรรค์
►หนังสือทั่วไป:l:General Books
ถูกยืม กำหนดส่งวันที่ 5 มิถุนายน 2569
  จอง

รายการใกล้เคียง
    ผู้แต่ง [อรชร ศรีไทรล้วน, บรรณาธิการ]

    หัวเรื่อง [การพยาบาลพื้นฐาน]
    หัวเรื่อง [พยาบาล]

BibComment


ยังไม่เคยถูกคอมเมนท์

คอมเมนท์ทรัพยากรรายการนี้
  คอมเมนท์: การพยาบาลพื้นฐาน..


 Copyright 2026. Bcnsprnw @Library